00476nam a22001577a 450000500170000001000130001702000180003003700260004808200200007410000230009424500770011726000380019427000420023230000250027470000190029920180626115559.0 aB-190048 a9780070597167 adplbTata McGraw-Hill 22nd ed.a158.35 aPrasad, Hari Mohan aHow to prepare for group discussion and interview/cby Hari Mohan Prasad aNew DelhibTata McGraw-Hillc2005 a7 West Patel NagarbNew Delhie110008 axvi, 224p.c22cm(Pb) aMohan, Rajnish